[Event "IECG CB.2002.0.00035 email"]
[Site "IECG email"]
[Date "2002.06.23"]
[Round "?"]
[White "Skyte, Gilad"]
[Black "Perez, Maria Jose"]
[Result "0-1"]
[WhiteElo "1900"]
[BlackElo "1924"]
[PlyCount "23"]
[EventDate "2002.04.03"]
[EventType "tourn (corr)"]
[EventRounds "6"]
[SourceTitle "Corr 2008"]
[Source "ChessBase"]
[SourceDate "2008.06.24"]
[SourceVersion "1"]
[SourceVersionDate "2008.06.24"]
[SourceQuality "1"]

1. e4 e5 2. Bc4 Nf6 3. d4 exd4 4. Nf3 Nxe4 5. Qxd4 Nf6 6. Bg5 Be7 7. Nc3 c6 8. 0-0-0 d5 9. Rhe1 Be6 10. Qh4 Nbd7 11. Bd3 Nc5 12. Nd4 0-1

[Event "IECG QB.2002.0.00017"]
[Site "IECG email"]
[Date "2002.03.21"]
[Round "?"]
[White "Skyte, Gilad"]
[Black "Gertners, Gunars"]
[Result "0-1"]
[WhiteElo "1900"]
[BlackElo "1800"]
[PlyCount "22"]
[EventDate "2002.03.21"]
[EventType "tourn (corr)"]
[EventRounds "6"]
[SourceTitle "Corr 2008"]
[Source "ChessBase"]
[SourceDate "2008.06.24"]
[SourceVersion "1"]
[SourceVersionDate "2008.06.24"]
[SourceQuality "1"]

1. e4 c5 2. Nf3 Nc6 3. c3 e6 4. Bd3 d5 5. Bc2 Nge7 6. d4 cxd4 7. cxd4 dxe4 8. Bxe4 g6 9. Bg5 Bg7 10. Bxc6+ bxc6 11. Nc3 h6 0-1